ECHOES FROM THE HILL/ (Record no. 213162)

MARC details
000 -LEADER
fixed length control field 00614nam a22002057a 4500
005 - DATE AND TIME OF LATEST TRANSACTION
control field 20250826152508.0
010 ## - LCCN (DPL NO)
LC control number ENG-146529
020 ## - INTERNATIONAL STANDARD BOOK NUMBER
International Standard Book Number 9788196396688
035 ## - SYSTEM CONTROL NUMBER
System control number EN-130061
037 ## - SOURCE OF ACQUISITION
Source of stock number/acquisition DBAD
082 ## - DEWEY DECIMAL CLASSIFICATION NUMBER
Classification number 881
100 ## - MAIN ENTRY--PERSONAL NAME
Personal name ARMUNG, MALONGPI
245 ## - TITLE STATEMENT
Title ECHOES FROM THE HILL/
Statement of responsibility, etc MALONGPI ARMUNG
260 ## - PUBLICATION, DISTRIBUTION, ETC. (IMPRINT)
Place of publication, distribution, etc GUWAHATI GRAND POETRY FESTIVAL
Name of publisher, distributor, etc ASSAM
270 ## - ADDRESS
Address HOUSE NO. 09, DR. BHUPEN HAZARIKA ROAD, KHARGHULI, GUWAHATI, ASSAM
City ASSAM
300 ## - PHYSICAL DESCRIPTION
Extent 132p.
Dimensions 22cm(Pbk)
700 ## - ADDED ENTRY--PERSONAL NAME
Personal name TERONPI KABEEN
9 (RLIN) 84351
700 ## - ADDED ENTRY--PERSONAL NAME
Personal name TERANG LONGBIR
9 (RLIN) 84352
942 ## - ADDED ENTRY ELEMENTS (KOHA)
Source of classification or shelving scheme Dewey Decimal Classification
Item type English Books
Classification part 881
Call number suffix ARM
Holdings
Withdrawn status Lost status Not for loan Collection code Home library Current library Date acquired Source of acquisition Cost, normal purchase price Full call number Barcode Copy number Cost, replacement price Koha item type
      Non-fiction Mobile Library Mobile Library 26/08/2025 DBAD 200.00 881 ARM EN-130061 1 200.00 English Books

© Delhi Public Library
Hit Counter
free hit counter